[Event "Torun-Bydgoszcz"]
[Site "Torun"]
[Date "2009.12.13"]
[Round "?.13"]
[White "Czechowski, Pawel"]
[Black "Wisniewski, Przemyslaw"]
[Result "0-1"]
[WhiteElo "2004"]
[BlackElo "2054"]
[PlyCount "76"]
[EventDate "2009.12.13"]
[EventType "team-match"]
[EventRounds "1"]
[EventCountry "POL"]
[SourceTitle "EXT 2018"]
[Source "ChessBase"]
[SourceDate "2017.10.13"]
[SourceVersion "1"]
[SourceVersionDate "2017.10.13"]
[SourceQuality "1"]

1. e4 c5 2. Nc3 Nc6 3. f4 g6 4. Nf3 Bg7 5. Bc4 e6 6. f5 Ne5 7. Nxe5 Bxe5 8. Qf3 Qh4+ 9. g3 Qh5 10. Qxh5 gxh5 11. d3 Nf6 12. fxe6 fxe6 13. Bf4 Ng4 14. Ke2 h4 15. Bxe5 Nxe5 16. gxh4 a6 17. a4 b6 18. Rhg1 Bb7 19. Rg7 0-0-0 20. Rf1 Rdg8 21. Rfg1 Rf8 22. h5 Rf6 23. Rg8+ Rxg8 24. Rxg8+ Kc7 25. Rg7 Rh6 26. Kf2 Kd6 27. Bb3 Rxh5 28. Kg3 Bc6 29. Ne2 c4 30. Bxc4 Nxc4 31. dxc4 Bxe4 32. c3 Rh6 33. Nf4 e5 34. Nd5 Bxd5 35. cxd5 Rg6+ 36. Rxg6+ hxg6 37. c4 Kc5 38. b3 d6 0-1

[Event "Torunia-ch"]
[Site "Torfarm"]
[Date "2005.04.08"]
[Round "11"]
[White "Drozdowski, Kacper"]
[Black "Czechowski, Pawel"]
[Result "0-1"]
[WhiteElo "1800"]
[BlackElo "2009"]
[PlyCount "114"]
[EventDate "2005.03.02"]
[EventType "tourn"]
[EventRounds "11"]
[EventCountry "POL"]
[SourceTitle "EXT 2006"]
[Source "ChessBase"]
[SourceDate "2005.11.24"]
[SourceVersion "1"]
[SourceVersionDate "2005.11.24"]
[SourceQuality "1"]

1. d4 Nf6 2. c4 g6 3. Nc3 Bg7 4. e4 d6 5. f3 0-0 6. Be3 Nc6 7. Qd2 a6 8. Nge2 Rb8 9. g4 b5 10. cxb5 axb5 11. h4 h5 12. g5 Nd7 13. f4 Nb6 14. b3 b4 15. Nd1 Bg4 16. Nf2 Bxe2 17. Bxe2 e5 18. dxe5 dxe5 19. Qxd8 Rfxd8 20. f5 gxf5 21. Bxb6 cxb6 22. exf5 Nd4 23. Bd3 e4 24. Bxe4 Nc2+ 25. Bxc2 Bxa1 26. Ke2 Bc3 27. Bd3 Ra8 28. Bb1 Rd2+ 29. Kf3 Ra5 30. Ne4 Rxf5+ 31. Ke3 Re5 32. Kf3 Rb2 33. Nf6+ Kh8 34. Rd1 Bd2 35. Nxh5 Re1 36. Rxe1 Bxe1 37. Bd3 Bxh4 38. Kg4 Be1 39. Bc4 Rg2+ 40. Kf5 Kg8 41. Nf4 Rf2 42. Kg4 Kf8 43. Nd3 Re2 44. Nxe1 Rxe1 45. Kf5 Kg7 46. Kf4 Ra1 47. Ke5 Rxa2 48. Kd6 Ra5 49. Bd5 Rc5 50. Ke5 Kg6 51. Ke4 Rxd5 52. Kxd5 Kxg5 53. Kc4 f5 54. Kxb4 f4 55. Kc3 Kg4 56. Kd2 Kf3 57. Ke1 Kg2 0-1

[Event "Bydgoszcz-Torun m"]
[Site "Bydgoszcz"]
[Date "2004.11.13"]
[Round "1"]
[White "Lewandowski, Krzysztof"]
[Black "Czechowski, Pawel"]
[Result "1-0"]
[WhiteElo "2148"]
[BlackElo "1996"]
[PlyCount "69"]
[EventDate "2004.??.??"]
[EventType "team-tourn"]
[EventRounds "1"]
[EventCountry "POL"]
[SourceTitle "EXT 2007"]
[Source "ChessBase"]
[SourceDate "2006.11.23"]
[SourceVersion "1"]
[SourceVersionDate "2006.11.23"]
[SourceQuality "1"]

1. d4 Nf6 2. c4 g6 3. Nc3 Bg7 4. e4 d6 5. h3 0-0 6. Nf3 c5 7. d5 e6 8. Bd3 exd5 9. cxd5 Re8 10. 0-0 c4 11. Bc2 Na6 12. Be3 Bd7 13. Nd2 b5 14. a4 b4 15. Nb5 Bxb5 16. axb5 Nc5 17. Nxc4 Nfxe4 18. Re1 Qh4 19. Nxd6 Nxd6 20. Bxc5 Nxb5 21. Rxe8+ Rxe8 22. Ba4 a6 23. Bxb5 axb5 24. Qd2 Qc4 25. Bxb4 Bd4 26. Rd1 Bb6 27. Bc3 f6 28. Bxf6 Re2 29. Qh6 Bxf2+ 30. Kh1 Qc7 31. d6 Qd7 32. Rf1 Re1 33. Rxe1 Bxe1 34. Qf4 Qf7 35. Qd4 1-0

[Event "POL-ch U18"]
[Site "Krynica"]
[Date "2003.??.??"]
[Round "1"]
[White "Czechowski, Pawel"]
[Black "Cajbel, Maciej"]
[Result "1-0"]
[WhiteElo "1945"]
[BlackElo "2165"]
[PlyCount "71"]
[EventDate "2003.??.??"]
[EventType "swiss"]
[EventRounds "11"]
[EventCountry "POL"]
[SourceTitle "EXT 2007"]
[Source "ChessBase"]
[SourceDate "2006.11.23"]
[SourceVersion "1"]
[SourceVersionDate "2006.11.23"]
[SourceQuality "1"]

1. e4 c5 2. Nc3 Nc6 3. f4 g6 4. Nf3 Bg7 5. Bc4 e6 6. f5 Nge7 7. fxe6 fxe6 8. 0-0 0-0 9. d3 d5 10. Bb3 Nd4 11. Bg5 Nxb3 12. axb3 d4 13. Ne2 e5 14. Qe1 Qc7 15. h4 Nc6 16. Qg3 Be6 17. h5 gxh5 18. Qh4 Rf7 19. Qxh5 Raf8 20. Ng3 Qd7 21. Qh4 Bg4 22. Nh2 Be6 23. Nf3 Bg4 24. Nh2 Rxf1+ 25. Rxf1 Rxf1+ 26. Nhxf1 Nb4 27. Nh2 Be6 28. Nh5 Qf7 29. Nxg7 Qxg7 30. Bf6 Qg6 31. Bxe5 Nxc2 32. Qd8+ Kf7 33. Nf3 Qg4 34. Ng5+ Kg6 35. Qf6+ Kh5 36. Nxe6 1-0

[Event "POL-ch U18"]
[Site "Krynica"]
[Date "2003.??.??"]
[Round "5"]
[White "Czechowski, Pawel"]
[Black "Przybylski, Wojciech"]
[Result "0-1"]
[WhiteElo "1945"]
[BlackElo "2150"]
[PlyCount "56"]
[EventDate "2003.??.??"]
[EventType "swiss"]
[EventRounds "11"]
[EventCountry "POL"]
[SourceTitle "EXT 2007"]
[Source "ChessBase"]
[SourceDate "2006.11.23"]
[SourceVersion "1"]
[SourceVersionDate "2006.11.23"]
[SourceQuality "1"]

1. d4 d5 2. Nf3 Nf6 3. g3 e6 4. Bg2 c5 5. 0-0 Nc6 6. c3 Be7 7. dxc5 Bxc5 8. Nbd2 0-0 9. Nb3 Bb6 10. Qc2 Qe7 11. Bg5 h6 12. Bxf6 Qxf6 13. e4 dxe4 14. Qxe4 e5 15. Rad1 Re8 16. Nfd4 Bd7 17. Nb5 Bf5 18. Qe2 Red8 19. Na3 Qg6 20. Rxd8+ Rxd8 21. Rd1 Bd3 22. Qe1 e4 23. Nc1 Ne5 24. Nxd3 Nxd3 25. Qxe4 Qf6 26. Qf3 Nxf2 27. Rxd8+ Qxd8 28. Qd5 Ne4+ 0-1

[Event "Ciechocinek KPZ-ch"]
[Site "Ciechocinek"]
[Date "2002.??.??"]
[Round "7"]
[White "Czechowski, Pawel"]
[Black "Borgula, Rafal"]
[Result "0-1"]
[WhiteElo "1800"]
[BlackElo "2272"]
[PlyCount "86"]
[EventDate "2002.??.??"]
[EventType "swiss"]
[EventRounds "9"]
[EventCountry "POL"]
[SourceTitle "EXT 2007"]
[Source "ChessBase"]
[SourceDate "2006.11.23"]
[SourceVersion "1"]
[SourceVersionDate "2006.11.23"]
[SourceQuality "1"]

1. e4 c5 2. Nc3 Nc6 3. f4 a6 4. a4 g6 5. Nf3 Bg7 6. Bc4 e6 7. 0-0 Nge7 8. d3 d5 9. Ba2 Nb4 10. Bd2 b6 11. Bb3 Bb7 12. e5 Nf5 13. Ne2 Nc6 14. g4 Nfe7 15. c3 h5 16. g5 Qc7 17. d4 c4 18. Bc2 Kd7 19. h4 Na5 20. Ng3 Bc6 21. Rf2 Rhb8 22. Qe2 Ke8 23. Kg2 Bd7 24. Nh2 b5 25. f5 exf5 26. e6 Bxe6 27. Bf4 Qb6 28. Bxb8 Rxb8 29. Re1 bxa4 30. Bxa4+ Kd8 31. Qe3 Nb7 32. Nf3 Nd6 33. Ne5 Ne4 34. Nxe4 dxe4 35. Qg3 Rc8 36. d5 Nxd5 37. Rd1 Ke7 38. Nd7 Qe3 39. Qh2 f4 40. Nf6 Bxf6 41. gxf6+ Kxf6 42. Bd7 Rb8 43. Rxd5 Qxf2+ 0-1

[Event "Torun op"]
[Site "Torun"]
[Date "2002.??.??"]
[Round "3"]
[White "Czechowski, Pawel"]
[Black "Bugalski, Michal"]
[Result "1/2-1/2"]
[WhiteElo "2000"]
[BlackElo "2066"]
[PlyCount "52"]
[EventDate "2002.??.??"]
[EventType "swiss"]
[EventRounds "9"]
[EventCountry "POL"]
[SourceTitle "EXT 2007"]
[Source "ChessBase"]
[SourceDate "2006.11.23"]
[SourceVersion "1"]
[SourceVersionDate "2006.11.23"]
[SourceQuality "1"]

1. d4 d5 2. Nf3 Nf6 3. c4 c6 4. cxd5 cxd5 5. Nc3 Nc6 6. Bf4 Bf5 7. Qb3 Qb6 8. Qxb6 axb6 9. e3 Rc8 10. Bb5 Bd7 11. 0-0 e6 12. Na4 Na7 13. Bxd7+ Nxd7 14. Rfc1 Nc6 15. Ne5 Ra8 16. Nxd7 Rxa4 17. Ne5 Nd8 18. Rc8 Be7 19. a3 f6 20. Nd3 b5 21. Rac1 Rc4 22. R1xc4 bxc4 23. Nb4 Bxb4 24. axb4 Rf8 25. Kf1 Rf7 26. Ke2 b5 1/2-1/2

[Event "Ciechocinek KPZ-ch"]
[Site "Ciechocinek"]
[Date "2002.??.??"]
[Round "3"]
[White "Czechowski, Pawel"]
[Black "Hetman, Radoslaw"]
[Result "1-0"]
[WhiteElo "1800"]
[BlackElo "2000"]
[PlyCount "57"]
[EventDate "2002.??.??"]
[EventType "swiss"]
[EventRounds "9"]
[EventCountry "POL"]
[SourceTitle "EXT 2007"]
[Source "ChessBase"]
[SourceDate "2006.11.23"]
[SourceVersion "1"]
[SourceVersionDate "2006.11.23"]
[SourceQuality "1"]

1. Nf3 d5 2. c4 Nf6 3. d4 e6 4. Nc3 Nbd7 5. Bg5 Be7 6. e3 0-0 7. Bd3 c6 8. 0-0 dxc4 9. Bxc4 Nd5 10. Bxe7 Qxe7 11. Qe2 Nxc3 12. bxc3 e5 13. Rab1 e4 14. Nd2 Kh8 15. f4 f5 16. Bb3 Qh4 17. Nc4 Rf6 18. Ne5 Nxe5 19. dxe5 Rh6 20. g3 Qe7 21. Rbd1 Bd7 22. Rd2 Be8 23. Qc4 Bh5 24. e6 Rd8 25. Rxd8+ Qxd8 26. e7 Qe8 27. Rd1 Bxd1 28. Qf7 Bh5 29. Qf8+ 1-0

[Event "Torun op"]
[Site "Torun"]
[Date "2002.??.??"]
[Round "7"]
[White "Czechowski, Pawel"]
[Black "Pyka, Tomasz"]
[Result "1-0"]
[WhiteElo "2000"]
[BlackElo "1800"]
[PlyCount "40"]
[EventDate "2002.??.??"]
[EventType "swiss"]
[EventRounds "9"]
[EventCountry "POL"]
[SourceTitle "EXT 2007"]
[Source "ChessBase"]
[SourceDate "2006.11.23"]
[SourceVersion "1"]
[SourceVersionDate "2006.11.23"]
[SourceQuality "1"]

1. Nf3 d5 2. c4 e6 3. g3 Nf6 4. Bg2 Be7 5. b3 0-0 6. Bb2 Nbd7 7. 0-0 Re8 8. d4 Nf8 9. Nbd2 Ng6 10. Qc2 b6 11. Ne5 Bb7 12. Rac1 Bd6 13. Rfd1 Qe7 14. Nxg6 hxg6 15. c5 Bxc5 16. dxc5 e5 17. Nf3 d4 18. Nd2 Bxg2 19. Kxg2 Ng4 20. h3 Nf6 1-0

[Event "Torun op"]
[Site "Torun"]
[Date "2002.??.??"]
[Round "1"]
[White "Kubicki, Marek"]
[Black "Czechowski, Pawel"]
[Result "0-1"]
[WhiteElo "2124"]
[BlackElo "2000"]
[PlyCount "140"]
[EventDate "2002.??.??"]
[EventType "swiss"]
[EventRounds "9"]
[EventCountry "POL"]
[SourceTitle "EXT 2007"]
[Source "ChessBase"]
[SourceDate "2006.11.23"]
[SourceVersion "1"]
[SourceVersionDate "2006.11.23"]
[SourceQuality "1"]

1. e4 c5 2. Nf3 Nc6 3. Bb5 g6 4. 0-0 Bg7 5. c3 Nf6 6. e5 Nd5 7. d4 cxd4 8. cxd4 0-0 9. Qb3 Nc7 10. Bf4 Na5 11. Qd3 Nxb5 12. Qxb5 a6 13. Qe2 d5 14. Nc3 Bg4 15. Rac1 Qd7 16. h3 Bxf3 17. Qxf3 e6 18. Bg5 Rfc8 19. Rfd1 b5 20. b3 Rc7 21. h4 Rac8 22. h5 Bf8 23. Rd3 b4 24. Ne2 Rxc1+ 25. Bxc1 Rc2 26. h6 Rxa2 27. Ng3 Ra1 28. Rd1 Qc7 29. Bd2 Rxd1+ 30. Qxd1 Nc6 31. Qg4 a5 32. Nh5 Be7 33. Nf6+ Bxf6 34. exf6 Nb8 35. Bf4 Qc8 36. Qe2 Nc6 37. Qc2 Na7 38. Qxc8+ Nxc8 39. Kf1 Kf8 40. Ke2 Na7 41. Bc7 Nc6 42. Kd3 Ke8 43. Bb6 Kd7 44. f4 Kc8 45. g4 Kb7 46. Bc5 Ka6 47. Kc2 Kb5 48. Kd3 Nb8 49. Bd6 Nd7 50. Be7 Nb6 51. Bc5 Nd7 52. Be7 Nb8 53. Bc5 Nc6 54. Kc2 a4 55. bxa4+ Kxa4 56. Kb2 Na5 57. Ka2 Nc4 58. Kb1 Ne3 59. g5 Ng2 60. Bd6 Kb3 61. Kc1 Kc3 62. Kb1 Ne1 63. Kc1 Nf3 64. Kb1 b3 65. Bc7 Kxd4 66. Kb2 Kc4 67. Ba5 d4 68. Kc1 Ng1 69. Kd2 Nh3 70. f5 exf5 0-1

[Event "Torun op"]
[Site "Torun"]
[Date "2002.??.??"]
[Round "8"]
[White "Mazurek, Jerzy"]
[Black "Czechowski, Pawel"]
[Result "0-1"]
[WhiteElo "1800"]
[BlackElo "2000"]
[PlyCount "132"]
[EventDate "2002.??.??"]
[EventType "swiss"]
[EventRounds "9"]
[EventCountry "POL"]
[SourceTitle "EXT 2007"]
[Source "ChessBase"]
[SourceDate "2006.11.23"]
[SourceVersion "1"]
[SourceVersionDate "2006.11.23"]
[SourceQuality "1"]

1. d4 Nf6 2. Nf3 e6 3. e3 b6 4. Bd3 Bb7 5. Nbd2 d6 6. b3 Nbd7 7. Bb2 Be7 8. c4 c5 9. 0-0 0-0 10. Rc1 Qc7 11. Be2 Ne4 12. Nxe4 Bxe4 13. Ne1 Rae8 14. Bf3 Bxf3 15. Nxf3 f5 16. Qc2 e5 17. dxe5 dxe5 18. e4 f4 19. Rcd1 Bf6 20. Rd5 Nb8 21. Rfd1 Nc6 22. R5d2 Nd4 23. Nxd4 exd4 24. f3 Be5 25. Qd3 a5 26. a4 Re6 27. Re2 Rff6 28. Rdd2 Rh6 29. h3 Reg6 30. Kh1 Qe7 31. Qc2 Qg5 32. Qd1 Qe7 33. Qf1 Re6 34. Kg1 Bf6 35. Bc1 Bh4 36. Ra2 Bg3 37. Reb2 Rh4 38. Bd2 Qg5 39. Kh1 Reh6 40. Be1 R6h5 41. Bxg3 fxg3 42. Rd2 Qh6 43. Kg1 Rf4 44. Rab2 Re5 45. Qd3 Qh4 46. Rdc2 g5 47. Qd2 h5 48. Ra2 Rf6 49. Qe2 g4 50. fxg4 hxg4 51. Qxg4+ Qxg4 52. hxg4 Rxe4 53. Re2 Rfe6 54. Kf1 Re3 55. Rab2 Kg7 56. Rxe3 Rxe3 57. Re2 Rxb3 58. Re6 Rb4 59. Ke2 Rxc4 60. Rxb6 Rxa4 61. Rb3 Ra2+ 62. Kf3 c4 63. Rb7+ Kf6 64. Kxg3 c3 65. Rc7 c2 66. Kf3 Ra3+ 0-1

[Event "Ciechocinek KPZ-ch"]
[Site "Ciechocinek"]
[Date "2002.??.??"]
[Round "6"]
[White "Zolnierowicz, Krzysztof"]
[Black "Czechowski, Pawel"]
[Result "1-0"]
[WhiteElo "2265"]
[BlackElo "1800"]
[PlyCount "55"]
[EventDate "2002.??.??"]
[EventType "swiss"]
[EventRounds "9"]
[EventCountry "POL"]
[SourceTitle "EXT 2007"]
[Source "ChessBase"]
[SourceDate "2006.11.23"]
[SourceVersion "1"]
[SourceVersionDate "2006.11.23"]
[SourceQuality "1"]

1. e4 c5 2. Nf3 e6 3. d3 Nc6 4. g3 g6 5. Bg2 Bg7 6. 0-0 Nge7 7. Re1 0-0 8. c3 d5 9. Nbd2 b6 10. e5 Ba6 11. d4 cxd4 12. cxd4 Rc8 13. Qa4 Bb7 14. Nf1 Na5 15. Ne3 Nf5 16. Nxf5 gxf5 17. Bf1 Bc6 18. Qd1 Qd7 19. Bd3 Bb5 20. Bb1 Rc7 21. Bg5 Nc4 22. a4 Nxb2 23. Qd2 Nxa4 24. Bf6 h6 25. Rxa4 Bxa4 26. g4 fxg4 27. Qf4 Bxf6 28. exf6 1-0

[Event "Bydgoszcz-Torun m"]
[Site "Bydgoszcz"]
[Date "2000.12.10"]
[Round "1"]
[White "Lewandowski, Krzysztof"]
[Black "Czechowski, Pawel"]
[Result "1-0"]
[WhiteElo "2000"]
[BlackElo "1600"]
[PlyCount "120"]
[EventDate "2000.12.10"]
[EventType "team-tourn"]
[EventRounds "1"]
[EventCountry "POL"]
[SourceTitle "EXT 2007"]
[Source "ChessBase"]
[SourceDate "2006.11.23"]
[SourceVersion "1"]
[SourceVersionDate "2006.11.23"]
[SourceQuality "1"]

1. d4 Nf6 2. c4 e6 3. Nf3 b6 4. e3 Bb7 5. Bd3 d5 6. 0-0 Be7 7. b3 0-0 8. Bb2 Nbd7 9. Nc3 Ne4 10. Qc2 f5 11. Rac1 a6 12. Ne5 Rc8 13. f3 Nxc3 14. Qxc3 Nxe5 15. dxe5 Bc5 16. Qe1 d4 17. Rd1 dxe3 18. Kh1 Qg5 19. b4 Be7 20. Bd4 f4 21. c5 b5 22. a4 bxa4 23. Bc4 Bd5 24. Bxd5 exd5 25. Ra1 Rf5 26. Rxa4 Qh6 27. g4 fxg3 28. Qxg3 e2 29. Rg1 Rg5 30. Qe1 Rxg1+ 31. Bxg1 Qc6 32. Ra2 d4 33. Qxe2 Rf8 34. Rxa6 Qd5 35. Qa2 Qxa2 36. Rxa2 d3 37. Rd2 Rd8 38. f4 Bh4 39. Rd1 d2 40. Kg2 Rd3 41. b5 Be1 42. b6 cxb6 43. cxb6 Rb3 44. Bf2 Kf7 45. Bxe1 dxe1Q 46. Rxe1 Rxb6 47. Kg3 Rg6+ 48. Kf3 Rh6 49. Re2 Ke6 50. Ke4 Rh4 51. Rg2 g6 52. Ke3 Rh3+ 53. Ke4 Rh4 54. Kf3 Rh3+ 55. Kg4 Rh5 56. h4 Rf5 57. Ra2 h5+ 58. Kf3 Rf8 59. Ke4 Rc8 60. Ra6+ Kf7 1-0

[Event "Torun-Bydgoszcz"]
[Site "Torun"]
[Date "1999.12.12"]
[Round "1"]
[White "Dygajtis, Witold"]
[Black "Czechowski, Pawel"]
[Result "1-0"]
[WhiteElo "1800"]
[BlackElo "1600"]
[PlyCount "81"]
[EventDate "1999.12.12"]
[EventType "team-match"]
[EventRounds "1"]
[EventCountry "POL"]
[SourceTitle "EXT 2018"]
[Source "ChessBase"]
[SourceDate "2017.10.13"]
[SourceVersion "1"]
[SourceVersionDate "2017.10.13"]
[SourceQuality "1"]

1. e4 c5 2. Bc4 e6 3. Nc3 Nc6 4. a3 a6 5. d3 b5 6. Ba2 Nf6 7. Bg5 Be7 8. Nf3 h6 9. Bh4 0-0 10. 0-0 Bb7 11. Nd2 b4 12. axb4 cxb4 13. Ne2 Ng4 14. Bxe7 Qxe7 15. h3 Nge5 16. d4 Ng6 17. c4 Rac8 18. Kh1 Na7 19. d5 Rfe8 20. Re1 Qh4 21. Kg1 Ne5 22. b3 g5 23. Ng3 exd5 24. Nf5 Qf4 25. g3 Qxd2 26. Qh5 Rc6 27. Red1 Qb2 28. Nxh6+ Rxh6 29. Qxh6 Nf3+ 30. Kg2 Re6 31. Qh5 dxe4 32. Rxd7 Nh4+ 33. gxh4 e3+ 34. Rxb7 Qxf2+ 35. Kh1 Rh6 36. Rb8+ Kg7 37. Qxg5+ Rg6 38. Qe5+ Rf6 39. Rg1+ Kh7 40. Qh5+ Rh6 41. Rh8+ 1-0